| 000 | 00567cam a2200229 4500 | ||
|---|---|---|---|
| 008 | 090401t1984 xxu||||| |||| 00| 0 eng d | ||
| 020 | _a0246121939 | ||
| 035 | _a(Sirsi) u32193 | ||
| 041 | _aeng | ||
| 050 | _a526.99 | ||
| 100 | _aIngham, A.E. | ||
| 245 | _aHydrography for the surveyor and engineer | ||
| 250 | _a2nd ed. | ||
| 260 |
_aLondon _bGranada _c1984 |
||
| 300 | _aviii,132p. : ill. ; 24cm. | ||
| 350 | _a12.5 | ||
| 650 | _aHYDROGRAPHIC SURVEYING | ||
| 650 | _aOFFSHORE STRUCTURES | ||
| 650 | _aSURVEYORS | ||
| 942 | _n0 | ||
| 948 | _c04/03/1997 | ||
| 999 |
_c89687 _d89687 |
||